Responses for show #7735 - Friday, April 6, 2018

Contestants

Dominick Fiorentino, a consultant from Washington, D.C.

Andrews Landsman, an actor and writer from Sherman Oaks, California

Kristin Robbins, an attorney from Red Bank, New Jersey (whose 1-day cash winnings total $36,399)

Jeopardy! Round responses

IT'S GOT ELECTROLYTES
ANCIENT STUFF
NEW TO THE OXFORD ENGLISH DICTIONARY
SAN CITY, CALIFORNIA
GREED, OH!
SHOT FIRST
(Alex: You have to identify the movie that was first.)
    $200 11
spinach

Dominick
    $200 1
Persia

Kristin
    $200 21
arrivederci

Dominick
    $200 16
the zoo

Andrews
    $200 26
Wall Street

Andrews
    $200 4
White Christmas

Andrews
    $400 12
sardines

Dominick
    $400 2
(Alex: [*], the father of Alexander.)

Philip

Andrews
    $400 22
(Andrews: What is... Shinto?)

a Ginsu knife

KristinAndrews
    $400 17
San Jose

Andrews
    $400 27
Bogart

Andrews
    $400 5
(Dominick: What is Tomorrowland?)

Zombieland

AndrewsDominick
    $600 13
raisins

Dominick
    $1,000 8
(Kristin: Who is... the Roman Senate?)

the Stoics

Kristin
    $600 23
arroz con pollo

Andrews
    $600 18
San Francisco

Andrews
    $600 28
a golddigger

Dominick
    $600 3
Mrs. Miniver

Kristin
    $800 14
beans

Andrews
    $800 9
the Parthenon

Andrews
    $800 24
(Kristin: What's a line drive?)

a comebacker

Kristin
Triple Stumper
    $800 19
a swallow

Kristin
    $800 29
Elmer Gantry

Kristin
    $800 6
(Andrews: What is Rain Man?)

Repo Man

KristinAndrews
    $1000 15
bananas

Kristin
    $1000 10
(Andrews: Who is Timon?)

Cymbeline

Andrews
Triple Stumper
    $1000 25
(Alex: We have about a minute to go.)

post-truth

Triple Stumper
    $1000 20
San Marino

Dominick
    $1000 30
(Andrews: Who is Machiavelli?)

Reynard the fox

Andrews
Triple Stumper
    $1000 7
The Shop Around the Corner

Kristin

Scores at the first commercial break (after clue 15):

Kristin Andrews Dominick
$2,600 $800 $800

Scores at the end of the Jeopardy! Round:

Kristin Andrews Dominick
$3,800 $1,800 $2,600

Double Jeopardy! Round responses

VINTAGE CARS WITH PEDIGREES
(Alex: At the Nethercutt Collection, right here in Southern California.)
THEIR BIGGEST BILLBOARD HITS
WOMEN POETS
NATIONAL RHYME TIME
UNUSUAL ANIMALS
IOU "AE"
    $400 11
(Cecil B.) DeMille

Dominick
    $400 14
Gwen Stefani

Kristin
    $400 3
Emily Dickinson

Triple Stumper
    $400 6
a France glance

Dominick
    $400 19
a platypus

Kristin
    $800 12
(Andrews: Who is Lindbergh?)

(Sully) Sullenberger

KristinAndrews
    $800 15
One Direction

Kristin
    $800 1
Dorothy Parker

Andrews
    $800 7
Serbia suburbia

Kristin
    $800 5
(Andrews: What is sucrose?)

fructose

AndrewsDominick
    $1200 13
Rudolph Valentino

Triple Stumper
    $1200 16
Norah Jones

Andrews
    $2,600 2
(Andrews: Who is Robert Frost?)
(Alex: No, the female equivalent. Who is [*].)

Roberta Frost

Andrews
    $1200 8
a Congo bongo

Dominick
    $1200 20
fur

Andrews
    $1200 25
nebulae

Andrews
    $1600 17
Daddy Warbucks

Andrews
    $1600 4
(Andrews: Who is Milton?)

Lord Byron

Andrews
Triple Stumper
    $2,000 9
(Alex: Dominick?)
(Dominick: [No answer])

a Sudan plan

Dominick
    $1600 21
(Alex: Less than a minute now.)

crab

Andrews
    $1600 24
algae

Kristin
    $2000 18
a Duesenberg

Triple Stumper
    $2000 26
[The end-of-round signal sounds.]

Sharon Olds

Triple Stumper
    $2000 10
Singapore chore

Triple Stumper
    $2000 22
(Andrews: What is sloth?)
(Dominick: What's a lemur?)

a loris

AndrewsDominick
Triple Stumper
    $2000 23
spaetzle

Dominick

Scores at the end of the Double Jeopardy! Round:

Kristin Andrews Dominick
$8,600 $1,600 $3,400
(lock game)

[wagering suggestions for these scores]

Final Jeopardy! Round responses

CENTRAL AMERICAN GEOGRAPHY
AndrewsWhat is Lake Nicaragua
$868
DominickWhat is the Gulf of Mexico?
$199
KristinWhat is the Gulf of Honduras?
$5
Lake Nicaragua

Final scores:

Kristin Andrews Dominick
$8,595 $2,468 $3,201
2-day champion: $44,994 3rd place: $1,000 2nd place: $2,000

Game dynamics:

Coryat scores:

Kristin Andrews Dominick
$9,600 $4,200 $5,400
14 R,
2 W
(including 1 DD)
17 R,
9 W
(including 1 DD)
11 R,
3 W
(including 1 DD)

Combined Coryat: $19,200

The J! Archive is created by fans, for fans. The Jeopardy! game show and all elements thereof, including but not limited to copyright and trademark thereto, are the property of Jeopardy Productions, Inc. and are protected under law. This website is not affiliated with, sponsored by, or operated by Jeopardy Productions, Inc. Join the discussion at JBoard.tv.